000 00667nam a2200217Ia 4500
003 OSt
005 20250311145912.0
008 210210b2017 xxu||||| |||| 00| 0 eng d
020 _a9788189187279
040 _cAL
041 _ahin
082 _aH891.309 SALH
100 _aSALUNKE (Dayanand)
_9205629
110 _bसालुंके दयानन्द
_9205630
245 _aHindi aur kannad ke anchalik upanyas:
_bहिंदी और कन्नड़ के आंचलिक उपान्यास
260 _aKanpur
_bVinay Prakashan
_c2017
300 _a104
690 _aHindi Criticism
_9205637
906 _a071757
942 _2ddc
_cBK
999 _c121457
_d121457